|
|
|
|
| LEADER |
00000naa2a2200000 4500 |
| 001 |
605596 |
| 005 |
20240124114139.0 |
| 035 |
|
|
|a (RuTPU)RU\TPU\conf\2908
|
| 035 |
|
|
|a RU\TPU\conf\2906
|
| 090 |
|
|
|a 605596
|
| 100 |
|
|
|a 20140422d2010 k y0rusy50 ca
|
| 101 |
0 |
|
|a rus
|
| 102 |
|
|
|a RU
|
| 105 |
|
|
|a y z 100zy
|
| 135 |
|
|
|a drgn ---uucaa
|
| 181 |
|
0 |
|a i
|
| 182 |
|
0 |
|a b
|
| 200 |
1 |
|
|a Разработка корреляционного метода анализа газов в гетерогенных системах по их свечению
|f С. Ф. Баландин, Д. Л. Гамов, В. Ф. Мышкин
|
| 203 |
|
|
|a Текст
|c электронный
|
| 215 |
|
|
|a 1 файл (178 Кб)
|
| 225 |
1 |
|
|a Разделение изотопов, плазменные и ионообменные процессы
|
| 300 |
|
|
|a Заглавие с титульного листа.
|
| 300 |
|
|
|a Электронная версия печатной публикации.
|
| 337 |
|
|
|a Adobe Reader
|
| 463 |
|
1 |
|0 (RuTPU)RU\TPU\conf\110
|t Физико-технические проблемы атомной энергетики и промышленности
|o сборник тезисов докладов V Международной научно-практической конференции, г. Томск, 7-8 июня 2010 г.
|f Национальный исследовательский Томский политехнический университет (ТПУ) ; под ред. В. А. Власова и др.
|v [С. 174]
|d 2010
|
| 610 |
1 |
|
|a электронный ресурс
|
| 610 |
1 |
|
|a труды учёных ТПУ
|
| 610 |
1 |
|
|a корреляционный метод
|
| 610 |
1 |
|
|a газы
|
| 610 |
1 |
|
|a гетерогенные системы
|
| 610 |
1 |
|
|a свечение
|
| 700 |
|
1 |
|a Баландин
|b С. Ф.
|
| 701 |
|
1 |
|a Гамов
|b Д. Л.
|
| 701 |
|
1 |
|a Мышкин
|b В. Ф.
|c физик
|c профессор Томского политехнического университета, доктор физико-математических наук
|f 1962-
|g Вячеслав Фёдорович
|3 (RuTPU)RU\TPU\pers\26858
|9 12476
|
| 801 |
|
2 |
|a RU
|b 63413507
|c 20140422
|g RCR
|
| 856 |
4 |
|
|u http://www.lib.tpu.ru/fulltext/c/2010/C49/004.pdf
|
| 942 |
|
|
|c BK
|